Határidő előtt átadták rendeltetésének a szegedi ruhagyár szentesi új üzemét
Elmentve itt :
| Dokumentumtípus: | Cikk |
|---|---|
| Megjelent: |
1964-09-09
|
| Sorozat: | Délmagyarország
54 No. 211 |
| Kulcsszavak: | Ruhagyár Szentes 1964, Gyár bővítése Szntes 1964, ruhaipar |
| Online Access: | http://dmarchiv.bibl.u-szeged.hu/67215 |
| LEADER | 00506nab a2200145 i 4500 | ||
|---|---|---|---|
| 001 | delm67215 | ||
| 005 | 20180927153741.0 | ||
| 008 | 180927s1964 hu o 0|| hun d | ||
| 040 | |a SZTE Délmagyarország Archívum |b hun | ||
| 041 | |a hun | ||
| 245 | 0 | 0 | |a Határidő előtt átadták rendeltetésének a szegedi ruhagyár szentesi új üzemét |h [elektronikus dokumentum] |
| 260 | |c 1964-09-09 | ||
| 300 | |a 1 | ||
| 490 | 0 | |a Délmagyarország |v 54 No. 211 | |
| 695 | |a Ruhagyár Szentes 1964, Gyár bővítése Szntes 1964, ruhaipar | ||